000 00566nam a2200169Ia 4500
003 GCL
008 140319s9999 xx 000 0 ara d
040 _aGCL /
_cGCL
082 0 4 _a219.9
_bم ث
100 1 _aمحمد عبدالعليم مرسى
245 1 0 _aالثقافة والغزو الثقافى فى دول الخليج العربية: نظرة اسلامية /
_cمحمد عبدالعليم مرسى
300 _a205 ص
490 _a100 قصة
_v0
650 0 4 _aالثقافة الاسلامية
650 0 4 _aالغزو الفكرى
942 _2ddc
_cBK
999 _c43883
_d43883